| 000 | 01071nab a2200253 i 4500 | ||
|---|---|---|---|
| 001 | 193688 | ||
| 003 | ES-MaACL | ||
| 005 | 20250905063058.0 | ||
| 007 | t| | ||
| 008 | 240206s1975 sp ||||1| spa d | ||
| 040 |
_aES-MaACL _bspa |
||
| 100 | 1 |
_aVillar, Arturo del, _d1940- _eaut _9115066 |
|
| 245 | 1 | 3 |
_aLa Biblioteca del Ateneo cuenta con 500.000 volúmenes : _bbibliotecas de Madrid / _cArturo del Villar |
| 260 |
_a[Madrid] : _bEl Libro Español, _c[1975] |
||
| 300 |
_a4 páginas : _bilustraciones ; _c30 cm |
||
| 500 | _aFotocopia del artículo de Arturo del Villar sobre la Biblioteca del Ateneo de Madrid, publicado en "El Libro español", enero de 1975, n. 205 | ||
| 500 | _aCon entrevista a María Ángeles Mazón de la Torre, entonces directora de la Biblioteca del Ateneo de Madrid | ||
| 600 | 1 | 4 |
_aMazón de la Torre, María Ángeles, _d1916- _979488 |
| 610 | 2 | 4 |
_aAteneo de Madrid. _bBiblioteca _91951 |
| 852 | 4 |
_aES-MaACL _cDEPOF _j2347-F-52 _9201213 |
|
| 942 |
_2udc _cANAB _n0 |
||
| 999 |
_c193688 _d193688 |
||